| 000 | 00677nam a2200217Ia 4500 | ||
|---|---|---|---|
| 001 | 4381 | ||
| 003 | GE_BSU | ||
| 008 | 181216s||||||||xx |||||||||||||| ||und|| | ||
| 040 | _cGE_BSU | ||
| 080 | _a621.39:519.27 | ||
| 100 | _aЛевин,Б.Р. | ||
| 245 | _aТеоретические основы статистической радиотехники. | ||
| 245 | _cРед. А.А.Александрова. | ||
| 260 | _aМ. | ||
| 260 | _bСоветское радио. | ||
| 260 | _c1968. | ||
| 300 | _a503 стр. 20 см. | ||
| 541 | _h25 л. | ||
| 653 | _aТеоретические основы статистической радиотехники. | ||
| 942 | _cBK | ||
| 999 |
_c38371 _d38371 |
||